Kráľovská cesta marketingu

Zákaznícke trendy na stredo- a východoeurópskych trhoch. Aktivity podnikov pre dosahovanie úspechu na trhu. Vernosť zákazníkov.

Gespeichert in:
Bibliographische Detailangaben
1. Verfasser: Lipianska, Ľudmila
Format: Buchkapitel
Sprache:Slowakisch
Schlagworte:
Tags: Tag hinzufügen
Keine Tags, Fügen Sie das erste Tag hinzu!

MARC

LEADER 00000naa a2200000 4500
001 r040400
005 20230920072701.6
041 0 |a slo 
044 |a SK 
245 1 0 |a Kráľovská cesta marketingu  |c Ľudmila Lipianska 
520 |a Zákaznícke trendy na stredo- a východoeurópskych trhoch. Aktivity podnikov pre dosahovanie úspechu na trhu. Vernosť zákazníkov. 
610 2 0 |a marketing 
610 2 0 |a obchod 
610 2 0 |a podnik 
610 2 0 |a zákazníci 
610 2 0 |a kvalita výrobkov 
610 2 0 |a kvalita práce 
610 2 0 |a manažéri 
610 2 0 |a trh 
100 1 |a Lipianska, Ľudmila